| 000 | 00621nam a22001937a 4500 | ||
|---|---|---|---|
| 003 | LC | ||
| 005 | 20160106113124.0 | ||
| 008 | 131024b xxu||||| |||| 00| 0 eng d | ||
| 020 | _a9781906345570 | ||
| 050 |
_aDS 23.5 _b.M347 2012 |
||
| 100 | _aMiller, Michael. | ||
| 245 |
_aHistory sl and hl : _bapproach your exams the ib way _cMichael Miller. |
||
| 260 |
_aUnited Kingdom : _bInternational Baccalaurate Organization, _cc2012. |
||
| 300 |
_a82 p. : _bill. col. ; _c27 cm. |
||
| 650 |
_aHistory- examination papers _xextended essay |
||
| 650 |
_aExtended essay _xhistory |
||
| 942 |
_2lcc _cBK |
||
| 999 |
_c13312 _d13312 |
||